[Event "35th Zalakaros Open 2016"]
[Site "Zalakaros HUN"]
[Date "2016.05.31"]
[Round "5.19"]
[White "Mihok, Oliver"]
[Black "Nitin, S."]
[Result "1/2-1/2"]
[WhiteTitle "GM"]
[BlackTitle "IM"]
[WhiteElo "2498"]
[BlackElo "2377"]
[WhiteFideId "728012"]
[BlackFideId "5018277"]
[EventDate "2016.05.27"]

1. d4 Nf6 2. Nc3 d5 3. Bg5 Nbd7 4. Nf3 h6 5. Bh4 c6 6. Qd3 Qa5 7. Nd2 e6 8. e4
dxe4 9. Ncxe4 Be7 10. Nxf6+ Nxf6 11. c3 Qd5 12. Be2 Qxg2 13. Bf3 Qg6 14. Qc4 Nd5
15. Bxe7 Nxe7 16. O-O-O Qf6 17. Rhg1 Bd7 18. Qc5 b6 19. Qd6 Nf5 20. Qc7 Qd8 21.
Qe5 Qb8 22. Nc4 Qxe5 23. dxe5 Ke7 24. Nd6 Nxd6 25. Rxd6 g6 26. Rgd1 Rhd8 27.
Bxc6 Bxc6 28. Rxc6 Rxd1+ 29. Kxd1 Rd8+ 30. Ke2 Rd7 31. Rc8 Rd5 32. Rc7+ Ke8 33.
Rxa7 Rxe5+ 34. Kf3 Rf5+ 35. Kg2 b5 36. b4 Kd8 37. a4 bxa4 38. Rxa4 Kc7 39. Ra7+
Kb6 40. Rd7 1/2-1/2

[Event "35th Zalakaros Open 2016"]
[Site "Zalakaros HUN"]
[Date "2016.05.31"]
[Round "5.20"]
[White "Smith, Bryan G"]
[Black "Kohlweyer, Bernd"]
[Result "1/2-1/2"]
[WhiteTitle "GM"]
[BlackTitle "IM"]
[WhiteElo "2453"]
[BlackElo "2373"]
[WhiteFideId "2017083"]
[BlackFideId "4600622"]
[EventDate "2016.05.27"]

1. e4 c5 2. Nf3 d6 3. d4 cxd4 4. Nxd4 Nf6 5. Nc3 a6 6. h3 e5 7. Nde2 b5 8. g4 b4
9. Nd5 Nbd7 10. Ng3 Nxd5 11. Qxd5 Nb6 12. Qa5 d5 13. Be3 Nc4 14. Qxd8+ Kxd8 15.
O-O-O Nxe3 16. fxe3 d4 17. exd4 exd4 18. Rxd4+ Kc7 19. Bc4 Bc5 20. Rd3 Be6 21.
Bxe6 fxe6 22. Nh5 Rad8 23. Nxg7 Rxd3 24. cxd3 Kd6 25. Rf1 Rc8 26. Nh5 Ke5 27.
Kc2 Be3+ 28. Kb3 Rd8 29. Kxb4 Rb8+ 30. Kc4 Rxb2 31. Rf7 Rxa2 32. Rxh7 Rc2+ 33.
Kb3 Rd2 34. Kc3 Rh2 35. Ng7 Bd4+ 36. Kb4 Rb2+ 37. Ka3 Rd2 38. Rh6 Rxd3+ 39. Kb4
a5+ 40. Kxa5 Kxe4 41. Nxe6 Be3 42. Rh8 Rd7 43. Re8 Kf3 44. Kb4 Kg3 45. Rh8 Re7
46. Nc5 Bg5 47. Kc4 Bh4 48. Kd5 Kxh3 49. g5 Kg4 50. Ne6 Rxe6 51. Kxe6 Bxg5 52.
Ke5 Bc1 53. Ke4 Kg5 54. Rf8 Bb2 55. Rf5+ Kg6 56. Kf4 Bc3 57. Kg4 Bd4 58. Rd5 Bb2
59. Rb5 Bc3 60. Rc5 Bd4 61. Rc6+ Kf7 62. Kf5 Ke7 63. Ke4 Bb2 64. Kd5 Kf7 65. Re6
Bc3 66. Re3 Bb2 67. Kd6 Bd4 68. Rf3+ Kg6 69. Ke6 Kg5 70. Rd3 Bb2 71. Rb3 Bd4 72.
Kd5 Ba1 73. Ke4 Kg6 74. Kf4 Bd4 75. Rd3 Bb2 76. Rd6+ Kf7 77. Kf5 Ke7 78. Rd7+
Kxd7 1/2-1/2

[Event "35th Zalakaros Open 2016"]
[Site "Zalakaros HUN"]
[Date "2016.05.31"]
[Round "5.21"]
[White "Efroimski, Marsel"]
[Black "Nguyen, Piotr"]
[Result "1-0"]
[WhiteTitle "WIM"]
[BlackTitle "IM"]
[WhiteElo "2268"]
[BlackElo "2446"]
[WhiteFideId "2810964"]
[BlackFideId "1127993"]
[EventDate "2016.05.27"]

1. e4 c5 2. Nf3 g6 3. d4 cxd4 4. Qxd4 Nf6 5. Nc3 Nc6 6. Qa4 d6 7. e5 dxe5 8.
Nxe5 Qd4 9. Nc4 Ng4 10. Be3 Nxe3 11. fxe3 Qd8 12. Rd1 Bd7 13. Qb3 Bg7 14. Ne4
Ne5 15. Nc5 Nxc4 16. Qxc4 Rc8 17. Qb4 a5 18. Qa3 O-O 19. Nxd7 Rxc2 20. Nxf8 Qb6
21. Nd7 Qc6 22. Qxa5 h5 23. Ne5 Qe4 24. Qd8+ Kh7 25. Qd4 Qf5 26. Qf4 Qc8 27.
Qxf7 Rxb2 28. Qxg6+ Kg8 29. Bc4+ 1-0

[Event "35th Zalakaros Open 2016"]
[Site "Zalakaros HUN"]
[Date "2016.05.31"]
[Round "5.22"]
[White "Perunovic, Milos"]
[Black "Fogarasi, Tibor"]
[Result "1-0"]
[WhiteTitle "GM"]
[BlackTitle "GM"]
[WhiteElo "2639"]
[BlackElo "2372"]
[WhiteFideId "921629"]
[BlackFideId "700363"]
[EventDate "2016.05.27"]

1. e4 c5 2. Nf3 e6 3. d4 cxd4 4. Nxd4 Nc6 5. Nc3 Qc7 6. f4 a6 7. Be3 b5 8. Bd3
Bb7 9. Qf3 Nf6 10. O-O-O h5 11. h3 h4 12. Kb1 Nb4 13. Qf2 Be7 14. Rhf1 Nxd3 15.
cxd3 b4 16. Na4 a5 17. Rc1 Qb8 18. Nf3 Ba6 19. Rfd1 b3 20. Nb6 bxa2+ 21. Ka1 a4
22. Nxa8 Qxa8 23. Bc5 d6 24. Ba3 Nd7 25. Rc7 1-0

[Event "35th Zalakaros Open 2016"]
[Site "Zalakaros HUN"]
[Date "2016.05.31"]
[Round "5.23"]
[White "Miron, Lucian-Costin"]
[Black "Skawinski, Arkadiusz"]
[Result "1-0"]
[WhiteTitle "IM"]
[BlackTitle "FM"]
[WhiteElo "2524"]
[BlackElo "2367"]
[WhiteFideId "1210920"]
[BlackFideId "1126415"]
[EventDate "2016.05.27"]

1. d4 d5 2. c4 c6 3. Nf3 Nf6 4. Nc3 e6 5. g3 dxc4 6. Bg2 b5 7. Ne5 Nd5 8. e4
Nxc3 9. bxc3 Bb7 10. Qh5 Qe7 11. Bg5 Qc7 12. Bd8 g6 13. Qf3 Kxd8 14. Qf6+ Qe7
15. Qxh8 f6 16. Ng4 Nd7 17. e5 f5 18. Nf6 Nxf6 19. Qxf6 Qxf6 20. exf6 Ba3 21.
Kd2 Ke8 22. g4 Kf7 23. g5 h6 24. h4 Rd8 25. Kc2 a5 26. Bf3 h5 27. Rhe1 Rc8 28.
Rab1 Rc7 29. Re5 a4 30. d5 exd5 31. Rbe1 b4 32. Re7+ 1-0

[Event "35th Zalakaros Open 2016"]
[Site "Zalakaros HUN"]
[Date "2016.05.31"]
[Round "5.24"]
[White "Havasi, Gergo"]
[Black "Nemeth, Miklos1"]
[Result "1/2-1/2"]
[BlackTitle "IM"]
[WhiteElo "2367"]
[BlackElo "2482"]
[WhiteFideId "760293"]
[BlackFideId "720232"]
[EventDate "2016.05.27"]

1. e4 e5 2. Nf3 Nc6 3. Bb5 a6 4. Ba4 Nf6 5. O-O b5 6. Bb3 d6 7. c3 Be7 8. d4 O-O
9. d5 Na5 10. Bc2 c6 11. dxc6 h6 12. Nbd2 Nxc6 13. Re1 Be6 14. Nf1 b4 15. Ba4
Rc8 16. Bd2 bxc3 17. Bxc3 Qb6 18. Bb3 Bxb3 19. Qxb3 Qxb3 20. axb3 Nb8 21. Ne3
Rfd8 22. Nc4 Rc6 23. Bb4 Rd7 24. Rad1 Bf8 25. Ba3 Ne8 26. Rd3 f6 27. Red1 Kf7
28. Nh4 Rd8 29. Nf5 Ke6 30. g3 Rc7 31. Rd5 Rcd7 32. Nb6 Rb7 33. Nc4 Rbd7 34. f4
Nc6 35. Nb6 Rb7 36. Na4 Rbd7 37. Nb6 Rb7 38. Nc4 Rbd7 39. Nh4 Kf7 40. Nf5 Ke6
41. R5d3 Na7 42. Nh4 Nc6 43. Bc5 Nb8 44. Ng6 Be7 45. Bb6 Rc8 46. Nh8 Bd8 47. f5+
Ke7 48. Ng6+ Kf7 49. Bf2 Rc6 50. Kf1 Bc7 51. Ba7 a5 52. Rc3 Ra6 53. Bf2 Rd8 54.
h4 Nc6 55. Ne3 Nb4 56. Nd5 Nxd5 57. Rxd5 Rb8 58. Ke2 1/2-1/2

[Event "35th Zalakaros Open 2016"]
[Site "Zalakaros HUN"]
[Date "2016.05.31"]
[Round "5.25"]
[White "Sundararajan, Kidambi"]
[Black "Baskin, Robert"]
[Result "1/2-1/2"]
[WhiteTitle "GM"]
[BlackTitle "FM"]
[WhiteElo "2469"]
[BlackElo "2359"]
[WhiteFideId "5005370"]
[BlackFideId "24662402"]
[EventDate "2016.05.27"]

1. d4 d5 2. Bf4 Nf6 3. e3 c5 4. c3 Nc6 5. Nf3 Qb6 6. b3 Bf5 7. Bd3 Bxd3 8. Qxd3
e6 9. Nbd2 Be7 10. dxc5 Qxc5 11. b4 Qb6 12. h3 Nd7 13. e4 dxe4 14. Nxe4 Rd8 15.
Qc4 a6 16. a4 Na7 17. O-O Qc6 18. Qe2 Nf6 19. Neg5 Nd5 20. Nxf7 Nxf4 21. Qe3 O-O
22. Qxf4 Rxf7 23. Qxf7+ Kxf7 24. Ne5+ Ke8 25. Nxc6 Nxc6 26. Rfe1 Kf7 27. b5 Na5
28. Rad1 Rc8 29. bxa6 1/2-1/2

[Event "35th Zalakaros Open 2016"]
[Site "Zalakaros HUN"]
[Date "2016.05.31"]
[Round "5.26"]
[White "Romanishin, Oleg M"]
[Black "Kozak, Adam"]
[Result "1/2-1/2"]
[WhiteTitle "GM"]
[BlackTitle "FM"]
[WhiteElo "2464"]
[BlackElo "2347"]
[WhiteFideId "14100088"]
[BlackFideId "753246"]
[EventDate "2016.05.27"]

1. Nf3 d5 2. g3 Nf6 3. Bg2 c6 4. O-O Bg4 5. c4 e6 6. Ne5 Bf5 7. d4 Nbd7 8. Nc3
Be7 9. Qb3 Qb6 10. Nxd7 Nxd7 11. e4 dxe4 12. Nxe4 O-O 13. Be3 Rfd8 14. Qa4 Nf6
15. d5 c5 16. d6 Bxe4 17. dxe7 Re8 18. f3 Bc6 19. Qa3 Nd7 20. Rad1 Rxe7 1/2-1/2

[Event "35th Zalakaros Open 2016"]
[Site "Zalakaros HUN"]
[Date "2016.05.31"]
[Round "5.27"]
[White "Nomin-Erdene, Davaademberel"]
[Black "Thakur, Akash"]
[Result "1/2-1/2"]
[WhiteTitle "IM"]
[BlackTitle "FM"]
[WhiteElo "2448"]
[BlackElo "2345"]
[WhiteFideId "4900782"]
[BlackFideId "5008514"]
[EventDate "2016.05.27"]

1. e4 e5 2. Nf3 Nc6 3. Bb5 a6 4. Ba4 Nf6 5. O-O Be7 6. Re1 b5 7. Bb3 d6 8. c3
O-O 9. h3 Na5 10. Bc2 c5 11. d4 Qc7 12. d5 Nc4 13. b3 Nb6 14. a4 Ne8 15. a5 Nd7
16. Nbd2 g6 17. c4 b4 18. Nf1 Ng7 19. Bh6 Nf6 20. g4 Kh8 21. Ng3 Ng8 22. Bxg7+
Kxg7 23. Kh2 Qd8 24. Rg1 h6 25. Qd2 Bg5 26. Nxg5 hxg5 27. Ne2 Nh6 28. Rg3 Rh8
29. Kg2 Bd7 30. Ng1 Qe7 31. Kf1 Rh7 32. Qe3 Rah8 33. Bd3 f6 34. Ra2 Kf8 35. Ra1
Ke8 36. Ke1 Kd8 37. Kd2 Kc8 38. Kc2 Kb8 39. Kd2 Nf7 40. f3 Nd8 41. Ke1 Nb7 42.
Qd2 Qd8 43. Kf2 Qe7 44. Ke1 Nd8 45. Kd1 Nf7 46. Ra2 Rh4 47. Kc1 Kc7 48. Kb1 R4h7
49. Qe2 Rf8 50. Qe3 f5 51. Qe1 Nd8 52. Be2 fxe4 53. fxe4 Rf4 54. Bf3 Rhf7 55.
Qe3 Qf8 56. Kc1 Qe7 57. Kd1 Rf8 58. Ke1 R4f7 59. Bg2 Rf4 60. Bf3 Qh7 61. Kd1 Qh4
62. Qe1 Nf7 63. Rag2 Nh6 64. Qe3 Ng8 65. Kd2 Nf6 66. Ne2 Rf7 67. Rg1 Ng8 68. Nc1
Qh6 1/2-1/2

[Event "35th Zalakaros Open 2016"]
[Site "Zalakaros HUN"]
[Date "2016.05.31"]
[Round "5.28"]
[White "Butkiewicz, Lukasz"]
[Black "Blazeka, Matej"]
[Result "1-0"]
[WhiteTitle "IM"]
[BlackTitle "FM"]
[WhiteElo "2429"]
[BlackElo "2341"]
[WhiteFideId "1122428"]
[BlackFideId "14515741"]
[EventDate "2016.05.27"]

1. e4 e5 2. Nf3 Nc6 3. Bc4 Bc5 4. b4 Bxb4 5. c3 Bd6 6. d4 Nf6 7. O-O O-O 8. Nbd2
h6 9. Re1 Re8 10. Bb3 b6 11. Nc4 Bb7 12. Nxd6 cxd6 13. Nh4 d5 14. exd5 Na5 15.
dxe5 Nxb3 16. axb3 Nxd5 17. Nf5 Re6 18. c4 Ne7 19. Nd6 Bc6 20. f4 f6 21. exf6
Rxf6 22. Bb2 Rg6 23. g3 Qf8 24. Qd3 Kh7 25. f5 Rf6 26. Bxf6 Qxf6 27. Ra2 Ng8 28.
b4 1-0

[Event "35th Zalakaros Open 2016"]
[Site "Zalakaros HUN"]
[Date "2016.05.31"]
[Round "5.29"]
[White "Livaic, Leon"]
[Black "Raja, Harshit"]
[Result "1/2-1/2"]
[WhiteTitle "FM"]
[WhiteElo "2428"]
[BlackElo "2329"]
[WhiteFideId "14531534"]
[BlackFideId "5089000"]
[EventDate "2016.05.27"]

1. d4 Nf6 2. c4 g6 3. f3 d5 4. cxd5 Nxd5 5. e4 Nb6 6. Nc3 Bg7 7. Be3 O-O 8. Qd2
c6 9. O-O-O Be6 10. Bh6 Bc4 11. Bxg7 Kxg7 12. Bxc4 Nxc4 13. Qd3 b5 14. b3 Nb6
15. h4 b4 16. Nb1 a5 17. h5 N8d7 18. Qd2 Rh8 19. Ne2 c5 20. hxg6 hxg6 21. Ng3 f6
22. Rxh8 Qxh8 23. Rh1 Qg8 24. e5 cxd4 25. exf6+ exf6 26. Ne4 Rc8+ 27. Kb2 Rc6
28. Qxd4 Qd5 29. Rd1 Qb5 30. Qd3 Qe5+ 31. Qd4 Qb5 32. Qd3 1/2-1/2

[Event "35th Zalakaros Open 2016"]
[Site "Zalakaros HUN"]
[Date "2016.05.31"]
[Round "5.30"]
[White "Michelle Catherina, P"]
[Black "Vertetics, Attila"]
[Result "1/2-1/2"]
[WhiteTitle "WIM"]
[BlackTitle "IM"]
[WhiteElo "2179"]
[BlackElo "2425"]
[WhiteFideId "5005736"]
[BlackFideId "723720"]
[EventDate "2016.05.27"]

1. e4 c6 2. d4 g6 3. Nc3 d5 4. h3 Bg7 5. Nf3 dxe4 6. Nxe4 Nf6 7. Nxf6+ exf6 8.
Bd3 O-O 9. O-O Be6 10. Be3 Re8 11. c4 Na6 12. Qd2 Qd7 13. Rfe1 Rad8 14. Rad1 Bf8
15. a3 Nc7 16. Bf4 b6 17. Qc1 Rc8 18. Bh6 Be7 19. Be4 Red8 20. b3 b5 21. Qc3 Ne8
22. Bc2 Nd6 23. Ng5 Bf5 24. Ne4 Nxe4 25. Bxe4 Bxe4 26. Rxe4 Bd6 27. c5 Bf8 28.
Bxf8 Rxf8 29. Rde1 Qd5 30. Re7 a5 31. R1e4 Rfd8 32. Qe3 a4 33. bxa4 bxa4 34. Qh6
Qg5 35. Qxg5 fxg5 36. Ra7 Ra8 37. Rc7 Rac8 38. Ra7 Ra8 39. Rc7 Rac8 40. Ra7 Ra8 1/2-1/2

[Event "35th Zalakaros Open 2016"]
[Site "Zalakaros HUN"]
[Date "2016.05.31"]
[Round "5.31"]
[White "Nasuta, Grzegorz"]
[Black "Mesaros, Florian"]
[Result "1/2-1/2"]
[WhiteTitle "IM"]
[BlackTitle "FM"]
[WhiteElo "2413"]
[BlackElo "2318"]
[WhiteFideId "1141686"]
[BlackFideId "1629220"]
[EventDate "2016.05.27"]

1. e4 e5 2. Nf3 Nc6 3. Bb5 a6 4. Ba4 Nf6 5. O-O Be7 6. Re1 b5 7. Bb3 d6 8. c3
O-O 9. h3 Nb8 10. d4 Nbd7 11. Nbd2 Bb7 12. Bc2 Re8 13. Nf1 Bf8 14. Ng3 g6 15. a4
Bg7 16. Bd3 c6 17. Bg5 Nf8 18. Qc2 Ne6 19. Be3 Nd7 20. Rad1 Qc7 21. Bf1 Nb6 22.
b3 Rac8 23. Rd2 exd4 24. cxd4 d5 25. a5 Nd7 26. b4 dxe4 27. Nxe4 Nf6 28. Nxf6+
Bxf6 29. Ne5 Qd6 30. Qb3 Re7 31. g3 c5 32. bxc5 Nxc5 33. dxc5 Qxe5 34. Qb1 Qc7
35. Rd6 Be5 36. Rb6 Bc3 37. c6 Bxc6 38. Re2 Rxe3 39. Rxe3 Bd4 40. Rxc6 Qxc6 41.
Re4 Bc3 42. Bg2 Qc7 43. Qb3 Bxa5 44. Rf4 Rd8 45. h4 Bd2 46. Rf6 Rd6 47. Rxd6
Qxd6 48. h5 b4 49. hxg6 hxg6 50. Qd5 Qxd5 51. Bxd5 a5 52. Kf1 Kg7 53. Ke2 Bc3
54. g4 a4 55. Bc6 a3 56. Bd5 f5 57. gxf5 gxf5 58. Kd3 Kf6 59. f3 Ke5 60. Bg8 Kd6
61. Kc2 Kc5 62. Kb3 Kd4 63. Be6 Ke5 64. Bg8 Be1 65. Bf7 Kf6 66. Bg8 Kg5 67. Bf7
Bc3 68. Bg8 Kf4 69. Be6 Bb2 70. Ka2 Ke5 71. Bg8 Kd4 72. Be6 Kc3 73. Bg8 Kd2 74.
Be6 Kc3 75. Bg8 Bc1 76. Be6 Bg5 77. Bg8 Be7 78. Be6 Bd6 79. Bg8 Kc2 80. Be6 Kc3
81. Bg8 Bf8 82. Be6 Bc5 83. Bg8 Kd4 84. Be6 Ke5 85. Bg8 Kf4 86. Be6 Bd6 87. Kb3
Ke5 88. Bg8 Kd4 89. Be6 f4 90. Ka2 Ke3 91. Bd5 Kd3 92. Be6 Ke2 93. Bd5 Ke3 94.
Kb3 Kd4 95. Be6 Bf8 96. Ka2 Bd6 97. Kb3 Bf8 1/2-1/2

[Event "35th Zalakaros Open 2016"]
[Site "Zalakaros HUN"]
[Date "2016.05.31"]
[Round "5.32"]
[White "Karavade, Eesha"]
[Black "Kulon, Klaudia"]
[Result "1/2-1/2"]
[WhiteTitle "IM"]
[BlackTitle "WGM"]
[WhiteElo "2409"]
[BlackElo "2304"]
[WhiteFideId "5012600"]
[BlackFideId "1131044"]
[EventDate "2016.05.27"]

1. c4 Nf6 2. Nf3 g6 3. b3 Bg7 4. Bb2 O-O 5. g3 c5 6. Bg2 Nc6 7. O-O b6 8. d4
cxd4 9. Nxd4 Bb7 10. Nc3 Rb8 11. Nc2 Na5 12. Rb1 Bxg2 13. Kxg2 e6 14. e4 a6 15.
Ba3 Re8 16. e5 Nh5 17. f4 f5 18. Ne3 Qc7 19. Bd6 Qc6+ 20. Qf3 Rbc8 21. Ne2 Nb7
22. Rfd1 Bf8 23. Bxf8 Kxf8 24. b4 Ke7 25. Qxc6 Rxc6 26. b5 axb5 27. Rxb5 Ra8 28.
Rd2 Ra3 29. Rb3 Ra6 30. Nd4 Rc8 31. Rdb2 Na5 32. Rb4 Nc6 33. Nxc6+ Rxc6 34. Nc2
h6 35. h4 Rc5 36. Kf3 1/2-1/2

[Event "35th Zalakaros Open 2016"]
[Site "Zalakaros HUN"]
[Date "2016.05.31"]
[Round "5.33"]
[White "Cebalo, Miso"]
[Black "Gazik, Igor"]
[Result "1-0"]
[WhiteTitle "GM"]
[BlackTitle "IM"]
[WhiteElo "2407"]
[BlackElo "2302"]
[WhiteFideId "14500094"]
[BlackFideId "14900149"]
[EventDate "2016.05.27"]

1. d4 g6 2. e4 Bg7 3. c4 d6 4. Nc3 Nf6 5. f3 O-O 6. Bg5 c5 7. d5 e6 8. Qd2 exd5
9. cxd5 Nbd7 10. Nh3 a6 11. a4 Qa5 12. Ra3 Qb4 13. Nf2 c4 14. Be3 Nc5 15. Na2
Qxd2+ 16. Kxd2 Bd7 17. Bxc5 dxc5 18. a5 Bb5 19. Nc3 Ne8 20. Be2 f5 21. Rb1 Nd6
22. Na4 Bd4 23. Nh3 fxe4 24. Ng5 Rf5 25. Ne6 Rc8 26. Nb6 Re8 27. Kc2 e3 28. Rd1
Rxe6 29. dxe6 Rf6 30. Rxe3 Nf5 31. Re4 Bc6 32. Bxc4 Bxe4+ 33. fxe4 Ne3+ 34. Kd3
Nxc4 35. Nxc4 Rxe6 36. e5 Kf8 37. Ke4 Ke7 38. Rd3 Kd7 39. Kd5 Re7 40. Rf3 g5 41.
h3 h5 42. b4 Rg7 43. bxc5 Ba1 44. Ra3 1-0

[Event "35th Zalakaros Open 2016"]
[Site "Zalakaros HUN"]
[Date "2016.05.31"]
[Round "5.34"]
[White "Ben Artzi, Ido"]
[Black "Piasetski, Leon"]
[Result "1-0"]
[WhiteTitle "IM"]
[BlackTitle "IM"]
[WhiteElo "2399"]
[BlackElo "2292"]
[WhiteFideId "2810913"]
[BlackFideId "2600072"]
[EventDate "2016.05.27"]

1. d4 Nf6 2. c4 e6 3. Nc3 Bb4 4. Qc2 d5 5. cxd5 Qxd5 6. e3 c5 7. Bd2 Bxc3 8.
Bxc3 cxd4 9. Bxd4 Nc6 10. Bc3 e5 11. Nf3 Bg4 12. Be2 e4 13. Nd4 Nxd4 14. Bxd4
Bxe2 15. Qxe2 O-O 16. O-O Qe6 17. Rfc1 Nd5 18. Qb5 b6 19. Rc6 Qf5 20. a4 Rad8
21. Rac1 h6 22. h3 Kh7 23. b3 f6 24. Qc4 Rf7 25. Rc8 Rxc8 26. Qxc8 Qxc8 27. Rxc8
Rc7 28. Re8 Ne7 29. g4 Kg6 30. Kg2 Kf7 31. Ra8 Nc6 32. Bc3 Ne7 33. Bd4 Nc6 34.
Bc3 Ne7 35. Bb4 Nc8 36. Kg3 a5 37. Bd2 Rc2 38. Be1 Ne7 39. b4 axb4 40. Bxb4 Rc4
41. Bxe7 Kxe7 42. Ra7+ Kf8 43. h4 Kg8 44. h5 Kh7 45. Ra6 Rb4 46. Kf4 Kg8 47.
Ra8+ Kh7 48. Ra6 Kg8 49. Kf5 Kh7 50. Ke6 Rb1 51. Kd5 Rg1 52. Rxb6 Rxg4 53. Kc6
Rg2 54. a5 Rxf2 55. a6 1-0

[Event "35th Zalakaros Open 2016"]
[Site "Zalakaros HUN"]
[Date "2016.05.31"]
[Round "5.35"]
[White "Hnydiuk, Aleksander"]
[Black "Gyurkovics, Bence Dr."]
[Result "1-0"]
[WhiteTitle "IM"]
[WhiteElo "2381"]
[BlackElo "2233"]
[WhiteFideId "1109057"]
[BlackFideId "731927"]
[EventDate "2016.05.27"]

1. Nf3 Nf6 2. c4 e6 3. g3 d5 4. d4 Be7 5. Bg2 O-O 6. O-O dxc4 7. Qc2 a6 8. Qxc4
b5 9. Qc2 Bb7 10. Bd2 Be4 11. Qc1 Ra7 12. Bg5 Nbd7 13. Nbd2 Bd5 14. Qc2 h6 15.
Bxf6 Nxf6 16. Rac1 Qa8 17. Ne1 Rc8 18. Nb3 Bxg2 19. Nxg2 c5 20. Nxc5 Qd5 21. Qb3
Bxc5 22. Qxd5 Nxd5 23. Rxc5 Rxc5 24. dxc5 Rc7 25. Rc1 a5 26. Ne1 Nb4 27. a3 Na6
28. Nd3 a4 29. f4 f6 30. Kf2 Kf7 31. e4 Ke7 32. Ke3 Kd8 33. Rc3 Kc8 34. f5 e5
35. Nb4 Kb7 36. c6+ Ka7 37. Nd5 Rc8 38. Kf3 Nb8 39. c7 Na6 40. Kg4 Kb7 41. Kh5
b4 42. axb4 Nxc7 43. Rxc7+ Rxc7 44. Nxc7 Kxc7 45. Kg6 Kc6 46. Kxg7 Kb5 47. Kxf6
Kxb4 48. Kxe5 Kb3 49. f6 1-0

[Event "35th Zalakaros Open 2016"]
[Site "Zalakaros HUN"]
[Date "2016.05.31"]
[Round "5.36"]
[White "Del Rio De Angelis, Salvador G."]
[Black "Tarhon, Brian"]
[Result "1-0"]
[WhiteTitle "GM"]
[BlackTitle "FM"]
[WhiteElo "2541"]
[BlackElo "2285"]
[WhiteFideId "2203138"]
[BlackFideId "423190"]
[EventDate "2016.05.27"]

1. d4 Nf6 2. c4 e6 3. g3 d5 4. Nf3 Be7 5. Bg2 O-O 6. O-O c6 7. Nc3 b6 8. Ne5 Bb7
9. e4 dxc4 10. Nxc4 b5 11. Ne3 b4 12. e5 Nd5 13. Ncxd5 cxd5 14. f4 Nc6 15. f5
Bg5 16. Ng4 Bxc1 17. Rxc1 exf5 18. Rxf5 Ne7 19. Rf1 Rc8 20. Qd2 Rxc1 21. Rxc1
Qb6 22. Ne3 f6 23. exf6 Rxf6 24. Rc5 Rd6 25. Qd3 Bc6 26. Qb3 Qb7 27. Nc2 Nf5 28.
Qxb4 Qd7 29. Qb8+ Kf7 30. Bh3 g6 31. Qh8 h5 32. Qh7+ Kf6 33. Qxd7 Bxd7 34. Bg2
Be6 35. Kf2 Rb6 36. b3 Ra6 37. a4 Rb6 38. b4 Nd6 39. Bxd5 Bf5 40. b5 a6 41. Na3
axb5 42. Nxb5 1-0

[Event "35th Zalakaros Open 2016"]
[Site "Zalakaros HUN"]
[Date "2016.05.31"]
[Round "5.37"]
[White "Tate, Alan"]
[Black "Nagy, Gabor1"]
[Result "1/2-1/2"]
[WhiteTitle "FM"]
[BlackTitle "IM"]
[WhiteElo "2307"]
[BlackElo "2439"]
[WhiteFideId "2401878"]
[BlackFideId "737119"]
[EventDate "2016.05.27"]

1. Nf3 c5 2. g3 Nc6 3. Bg2 g6 4. c4 Bg7 5. O-O e5 6. Nc3 Nge7 7. Ne1 d6 8. Nc2
Be6 9. Ne3 a6 10. Ned5 Rb8 11. a4 O-O 12. d3 Nb4 13. Bg5 f6 14. Bd2 Bf7 15. Nxb4
cxb4 16. Nd5 Nxd5 17. cxd5 a5 18. Rc1 Qd7 19. Be3 b5 20. Rc6 b3 21. Bb6 bxa4 22.
Qa1 Be8 23. Bc7 Rc8 24. Rfc1 Rf7 25. Bxd6 Rxc6 26. Rxc6 Qd8 27. Bc5 Bxc6 28.
dxc6 Bf8 29. Bxf8 Kxf8 30. Qxa4 Qb6 31. Qc4 Re7 1/2-1/2

[Event "35th Zalakaros Open 2016"]
[Site "Zalakaros HUN"]
[Date "2016.05.31"]
[Round "5.38"]
[White "Warakomska, Anna"]
[Black "Kantor, Gergely"]
[Result "1/2-1/2"]
[WhiteTitle "WIM"]
[BlackTitle "IM"]
[WhiteElo "2298"]
[BlackElo "2424"]
[WhiteFideId "1130790"]
[BlackFideId "751499"]
[EventDate "2016.05.27"]

1. e4 e6 2. d4 d5 3. Nd2 Be7 4. Bd3 c5 5. dxc5 Nf6 6. Qe2 O-O 7. Ngf3 a5 8. O-O
Na6 9. e5 Nd7 10. c4 Naxc5 11. Bc2 Qc7 12. cxd5 exd5 13. Nb3 b6 14. Rd1 Ba6 15.
Qe3 Ne6 16. Bd3 Bxd3 17. Rxd3 a4 18. Nbd4 Bc5 19. Qe2 Nxd4 20. Nxd4 Qxe5 21. Be3
Qe4 22. Nf3 Nf6 23. Qd1 Rfe8 24. Rc1 Rac8 25. Rdc3 Bxe3 26. Rxe3 Qb4 27. Rxe8+
Rxe8 28. Qd4 Qxd4 29. Nxd4 Nd7 30. f3 Nc5 31. Rd1 Ne6 32. Nc6 d4 33. Kf2 g6 34.
Nxd4 Rd8 1/2-1/2

[Event "35th Zalakaros Open 2016"]
[Site "Zalakaros HUN"]
[Date "2016.05.31"]
[Round "5.39"]
[White "Rigo, Janos"]
[Black "Dragnev, Valentin"]
[Result "0-1"]
[WhiteTitle "IM"]
[BlackTitle "IM"]
[WhiteElo "2238"]
[BlackElo "2423"]
[WhiteFideId "700371"]
[BlackFideId "1634852"]
[EventDate "2016.05.27"]

1. e4 e5 2. Nf3 Nc6 3. Bb5 a6 4. Ba4 Nf6 5. O-O Be7 6. d3 b5 7. Bb3 d6 8. c3 O-O
9. h3 Nb8 10. a4 Bb7 11. axb5 axb5 12. Rxa8 Bxa8 13. Na3 Bc6 14. Nc2 Nbd7 15.
Nb4 Bb7 16. Re1 c5 17. Nc2 Nb6 18. Ne3 g6 19. Ng4 Nxg4 20. hxg4 Bc8 21. Bh6 Re8
22. d4 exd4 23. e5 d5 24. cxd4 c4 25. Bc2 Bxg4 26. Qd2 Bf8 27. Bxf8 Rxf8 28. Qh6
Bxf3 29. gxf3 Qe7 30. f4 f5 31. Re3 b4 32. Bd1 Ra8 33. Bf3 Ra2 34. e6 Rxb2 35.
Bh5 Qh4 36. Be2 Rb1+ 37. Bf1 Qxh6 38. e7 Qf8 39. exf8=Q+ Kxf8 0-1

[Event "35th Zalakaros Open 2016"]
[Site "Zalakaros HUN"]
[Date "2016.05.31"]
[Round "5.40"]
[White "Konopka, Michal"]
[Black "Hristodoulou, Panagiotis"]
[Result "1/2-1/2"]
[WhiteTitle "IM"]
[BlackTitle "FM"]
[WhiteElo "2418"]
[BlackElo "2245"]
[WhiteFideId "308633"]
[BlackFideId "4214340"]
[EventDate "2016.05.27"]

1. d4 d5 2. Nf3 Nf6 3. c4 e6 4. g3 Be7 5. Bg2 O-O 6. O-O c6 7. Qd3 b6 8. Nc3 Ba6
9. b3 Nbd7 10. Rd1 c5 11. Nb5 Bxb5 12. cxb5 a6 13. bxa6 Qc8 14. Bb2 Qxa6 15. a4
Qxd3 16. exd3 Rfc8 17. Bf1 cxd4 18. Nxd4 Bb4 19. Rdc1 Kf8 20. Rab1 Ne8 21. f4
Nd6 22. Kg2 Rc5 23. Nc6 Bd2 24. Rxc5 bxc5 25. d4 Rc8 26. dxc5 Nxc5 27. Na7 Rc7
28. Ba3 Ke8 29. Kf3 Kd7 30. Nb5 Nxb5 31. Bxb5+ Kc8 32. b4 Nxa4 33. Bxa4 Rc3+ 34.
Ke2 Rxa3 35. Be8 Be3 36. Bxf7 Kd7 37. f5 exf5 38. Bxd5 1/2-1/2